Größte Stadt beginnend mit R in Diesem Land - Statistiken

Allgemein
  • Dieses Quiz wurde 333 mal gespielt
  • Das Durchschnittsergebnis liegt bei 9 aus 15
Antwortstatistiken
Land R-Stadt % Korrekt
Lettland Riga
96%
Island Reykjavik
93%
Niederlande Rotterdam
92%
Marokko Rabat
91%
Italien Rom
91%
Braslien Rio de Janeiro
90%
Deutschland Rostock
71%
Frankreich Rennes
59%
Russland Rostow am Don
47%
Argentinien Rosario
36%
Palästine Ramallah
32%
Vereinigte Staaten Raleigh
30%
Vereinigtes Königreich Reading
18%
Pakistan Rawalpindi
17%
Kanada Regina
16%
Keine übereinstimmenden Quizze gefunden
Verteilung der Resultate
Anzahl Personen mit jedem Resultat
Perzentil nach korrekt beantworteten Fragen
Ihre Resultats-Entwicklung
Sie haben dieses Quiz noch nicht gespielt